000 01014nam a2200277 a 4500
003 CO-ViMGA
005 20230915233129.0
008 130717s2015 ec a gr 0001f spa d
020 _a9789588892153
040 _aCO-ViMGA
_bspa
_cCO-ViMGA
043 _as-ag---
090 _aC VARN
100 1 0 _aVarea, Mónica
_924083
245 1 3 _aNavidad de perro
_cMónica Varea ; adaptación e ilustraciones de María Paz Cordovez Varea
250 _aEdicin̤ especial para El Ministerio de Cultura
260 _aBogotá
_bPenguin Random House
_c2015
300 _a[34] pg̀inas
_bilustraciones
_c20 cm
490 _aLeer es mi cuento
650 1 4 _2LEMB
_aAutores ecuatorianos
_vSiglo XXI
_924300
650 1 4 _2LEMB
_aLiteratura infantil ecuatoriana
_ySiglo XXI
_924085
650 1 4 _2LEMB
_aNavidad en la literatura
_98543
650 1 4 _2LEMB
_aPerros en la literatura
_9642
650 1 4 _aCuentos infantiles ecuatorianos
_2LEMB
_ySiglo XXI
_924084
700 1 0 _aCordovez Varea, Mara̕ Paz
_924086
942 _2ddc
_cBK
999 _c4058
_d4058